Normal view
MARC view
- Cooperación universitaria
Entry Materia
001 - NÚMERO DE CONTROL DEL REGISTRO
- campo de control: 7352
003 - IDENTIFICADOR DE NUMERO DE CONTROL
- campo de control: UPN
005 - FECHA Y HORA DE LA ÚLTIMA TRANSACCIÓN
- campo de control: 20230208160808.0
008 - DATOS DE LONGITUD FIJA
- campo de control de longitud fija: 221004nn annnnbabn a ana |d
035 ## - NÚMERO DE CONTROL DEL SISTEMA
- Número de control del sistema: UPN10000007356
040 ## - FUENTE DE LA CATALOGACIÓN
- Lengua de catalogación: spa
- Agencia de transcripción: MX-MxUPN
- Centro catalogador de origen: MX-MxUPN
046 ## - FECHAS CON CODIFICACIÓN ESPECIAL
- Fecha final para contenidos agregados: 2022
053 ## - NÚMERO CLASIFICADOR - BIBLIOTECA DEL CONGRESO (LC)
- Elemento numérico de la clasificación - Número único o no. inicial del rango: LB2331.5
150 ## - ENCABEZAMIENTO - TEMÁTICO
- Término de materia o nombre geográfico como elemento inicial: Cooperación universitaria
450 ## - VÉASE - MATERIA
- Encabezamiento temático: Cooperación educativa
450 ## - VÉASE - MATERIA
- Encabezamiento temático: Universidades
- Subdivisión temática general: Cooperación
670 ## - FUENTE EN LA QUE SE LOCALIZARON DATOS
- Cita de la fuente: DGB UNAM, 8 febrero 2023:
- Información localizada: (Cooperación universitaria)
902 ## - CATALOGADOR
- Catalogador: LG/220297
